Vietnam business directory 1993 - 1994

Tài liệu in bằng tiếng Việt giới thiệu về các cơ quan thương mại ở Việt Nam

में बचाया:
ग्रंथसूची विवरण
स्वरूप: पुस्तक
भाषा:Undetermined
प्रकाशित: Hà Nội Thống kê 1993
विषय:
टैग : टैग जोड़ें
कोई टैग नहीं, इस रिकॉर्ड को टैग करने वाले पहले व्यक्ति बनें!
Thư viện lưu trữ: Trung tâm Học liệu Trường Đại học Cần Thơ
LEADER 00588nam a2200157Ia 4500
001 CTU_5825
008 210402s9999 xx 000 0 und d
082 |a 338.09597 
082 |b V666/1993 
245 0 |a Vietnam business directory 1993 - 1994 
260 |a Hà Nội 
260 |b Thống kê 
260 |c 1993 
520 |a Tài liệu in bằng tiếng Việt giới thiệu về các cơ quan thương mại ở Việt Nam 
650 |a almanacs, vietnamese,vietnam - commerce,vietnam - industries 
980 |a Trung tâm Học liệu Trường Đại học Cần Thơ